| 000 | 00510nam a2200169Ia 4500 | ||
|---|---|---|---|
| 999 |
_c35921 _d35921 |
||
| 003 | OSt | ||
| 005 | 20201207095955.0 | ||
| 008 | 190216s9999||||xx |||||||||||||| ||und|| | ||
| 040 | _coclc | ||
| 082 |
_a020.954 _bISA/L |
||
| 100 |
_aIsaac, K A _97225 |
||
| 245 | 0 |
_aLibraries And Librarianship : _bA Basic Introduction / _cK A Isaac |
|
| 260 |
_bS Vishwanathan, _c1987. _aMadras: |
||
| 300 | _a116p | ||
| 650 | _aLibrary Relationships | ||
| 942 |
_cREF _2ddc _h020.954 _iISA/L _k020.954 _mISA/L |
||